| 000 | 00892nam a22001577a 4500 | ||
|---|---|---|---|
| 003 | OSt | ||
| 005 | 20150918165333.0 | ||
| 008 | 150918b xxu||||| |||| 00| 0 eng d | ||
| 040 | _cRUA | ||
| 082 | _aAGR LUY 2005 B032 Or.1 | ||
| 100 |
_9798 _aLUY KETTANA |
||
| 245 | _aEffect of chemical fungicide uses on tomato diseases at dey eth-sre ampel agricultural research and development center during wet season,(ប្រសិទ្ធភាពនៃការប្រើប្រាស់ថ្នំាផ្សិតគីមីលើជំងឺនៃដំណាំប៉េងប៉ោះ នៅមណ្ឌលពិសោធន៍ស្រាវជ្រាវ និងអភិវឌ្ឍន៍កសិកម្មដីឥដ្ឋ ស្រែអំពិលនារដូវវស្សា) | ||
| 260 |
_aphnom penh _bRUA _c2005 |
||
| 300 |
_axii,47p. _cill. _g29cm. |
||
| 942 |
_2ddc _cAGR |
||
| 999 |
_c769 _d769 |
||